| 000 | 01133 a2200205 4500 | ||
|---|---|---|---|
| 003 | Nust | ||
| 005 | 20221019124356.0 | ||
| 020 | _a9781783289592 | ||
| 035 | _a(WaSeSS)ssib015890443 | ||
| 040 | _cNust | ||
| 082 | _a005.8,PRI | ||
| 100 | 1 |
_aPritchett, Willie L. _995139 |
|
| 245 | 1 | 0 |
_aKali Linux Cookbook : _bQuick Answers to Common Problems / _cWillie L. Pritchett, and David De Smet. |
| 260 |
_6UK _aPackt _b2013 |
||
| 300 | _a243 P.: | ||
| 505 | _aUp and running with Kali Linux (Page-5), Customizing Kali Linux (Page-31), Advanced testing lab (Page-47), Information gathering (Page-67), Vulnerability assessment (Page-93), Exploiting vulnerabilities (Page-141), Escalating privileges (Page-171), Password attack (Page-191), Wireless attacks (Page-219). | ||
| 600 |
_aDavid De Smet. _995140 |
||
| 856 | 4 | 0 | _uhttp://sfxeu10.hosted.exlibrisgroup.com/sfxjon/?url_ver=Z39.88-2004&ctx_ver=Z39.88-2004&ctx_enc=info:ofi/enc:UTF-8&rfr_id=info:sid/sfxit.com:opac_856&url_ctx_fmt=info:ofi/fmt:kev:mtx:ctx&sfx.ignore_date_threshold=1&rft.object_id=2550000001131457&svc_val_fmt=info:ofi/fmt:kev:mtx:sch_svc& |
| 942 |
_2ddc _cBK _k005.8,PRI |
||
| 999 |
_c211190 _d211190 |
||